000 00633cam a2200229 4500
008 000000n2000 000 0 eng u
020 _a8790907035
035 _a(Sirsi) u106734
041 _aFRENCH
050 _a526.9
110 _aFederation International Des Geometres
245 _aConstitution d'associaitons professionelles
260 _aDenmark
_bFIG
_c2000
300 _a11p. ; 21cm.
490 _aFIG Publication
_vNo.16 January 2000
650 _aFIG
650 _aSURVEYING
650 _aINTERNATIONAL
650 _aINTERNATIONAL FEDERATION OF SURVEYORS
690 _aMAPPING AND MEASUREMENT
942 _n0
999 _c100622
_d100622